NBA 40 Point Triple Doubles Since 2000 - Statistics

General Stats
  • This quiz has been taken 22 times
  • The average score is 58 of 66
Answer Stats
Date Team Points Rebounds Assists Answer % Correct
12/25/25 Nuggets 56 16 15 Nikola Jokić
100%
1/13/19 Wizards 43 10 15 Bradley Beal
88%
12/22/18 Wizards 40 11 15 Bradley Beal
88%
11/10/25 Pistons 46 12 11 Cade Cunningham
88%
11/30/24 Bucks 42 12 11 Giannis Antetokounmpo
88%
3/17/21 Nets 40 10 15 James Harden
88%
1/8/20 Rockets 41 10 10 James Harden
88%
1/3/20 Rockets 44 11 11 James Harden
88%
3/30/19 Rockets 50 11 10 James Harden
88%
1/11/19 Rockets 43 10 12 James Harden
88%
1/3/19 Rockets 44 10 15 James Harden
88%
12/31/18 Rockets 43 10 13 James Harden
88%
12/13/18 Rockets 50 10 11 James Harden
88%
1/30/18 Rockets 60 10 11 James Harden
88%
3/18/17 Rockets 40 10 10 James Harden
88%
3/17/17 Rockets 41 14 11 James Harden
88%
1/27/17 Rockets 51 13 13 James Harden
88%
1/17/17 Rockets 40 12 10 James Harden
88%
1/10/17 Rockets 40 15 10 James Harden
88%
1/8/17 Rockets 40 10 11 James Harden
88%
12/31/16 Rockets 53 16 17 James Harden
88%
12/21/24 Celtics 43 15 10 Jayson Tatum
88%
2/12/22 76ers 40 14 10 Joel Embiid
88%
4/6/18 Cavaliers 44 11 11 LeBron James
88%
3/19/18 Cavaliers 40 12 10 LeBron James
88%
4/2/17 Cavaliers 41 14 11 LeBron James
88%
2/18/10 Cavaliers 43 13 15 LeBron James
88%
12/18/25 Lakers 45 11 14 Luka Dončić
88%
12/15/24 Mavericks 45 11 13 Luka Dončić
88%
12/16/23 Mavericks 40 12 10 Luka Dončić
88%
12/6/23 Mavericks 40 10 11 Luka Dončić
88%
12/27/22 Mavericks 60 21 10 Luka Dončić
88%
11/29/22 Mavericks 41 12 12 Luka Dončić
88%
11/12/22 Mavericks 42 13 10 Luka Dončić
88%
10/27/22 Mavericks 41 11 14 Luka Dončić
88%
12/12/19 Mavericks 41 12 11 Luka Dončić
88%
11/18/19 Mavericks 42 11 12 Luka Dončić
88%
4/6/25 Nuggets 41 15 13 Nikola Jokić
88%
4/1/25 Nuggets 61 10 10 Nikola Jokić
88%
2/26/23 Nuggets 40 17 10 Nikola Jokić
88%
12/25/22 Nuggets 41 15 15 Nikola Jokić
88%
12/18/22 Nuggets 40 27 10 Nikola Jokić
88%
3/6/22 Nuggets 46 12 11 Nikola Jokić
88%
1/19/22 Nuggets 49 14 10 Nikola Jokić
88%
2/11/19 Thunder 47 12 10 Paul George
88%
2/14/19 Thunder 44 14 11 Russell Westbrook
88%
4/9/17 Thunder 50 16 10 Russell Westbrook
88%
4/2/17 Thunder 40 13 10 Russell Westbrook
88%
3/29/17 Thunder 57 13 11 Russell Westbrook
88%
2/28/17 Thunder 43 11 10 Russell Westbrook
88%
2/26/17 Thunder 41 11 11 Russell Westbrook
88%
12/23/16 Thunder 45 11 11 Russell Westbrook
88%
11/13/16 Thunder 41 12 16 Russell Westbrook
88%
10/28/16 Thunder 51 13 10 Russell Westbrook
88%
4/5/15 Thunder 40 11 13 Russell Westbrook
88%
3/4/15 Thunder 49 15 10 Russell Westbrook
88%
2/27/15 Thunder 40 13 11 Russell Westbrook
88%
2/7/26 Spurs 40 12 12 Stephon Castle
88%
1/8/20 Hawks 42 13 10 Trae Young
88%
1/22/18 Pelicans 44 23 10 DeMarcus Cousins
82%
11/14/25 Clippers 41 14 11 James Harden
82%
2/15/06 Cavaliers 43 12 11 LeBron James
82%
4/9/05 Cavaliers 40 10 10 LeBron James
82%
2/23/03 Magic 46 10 13 Tracy McGrady
82%
3/13/21 Wizards 42 10 12 Russell Westbrook
76%
4/7/07 Nets 46 16 10 Vince Carter
65%
No matching quizzes found
Score Distribution
Percent of People with Each Score
Percentile by Number Answered
Your Score History
You have not taken this quiz